00484nam a2200157Ia 450000500170000000800410001708200130005810000180007124500340008926000260012330000170014950000400016694200060020695200990021299900150031120250323160204.0240331s9999 xx 000 0 und d bMARa894 aMariyappan, A 0aThesiyamum thamil ilakkiyamum aChennaibKaavyac2002 avii, 69 p ., athesham, thesiyam pantriya kadoorai cL 001040708LaWERCLbWERCLcSSCd2024-03-31l0o 894.811 MARp4996r2024-03-31w2024-03-31yL c4046d4046